[Event "Andorra Open"]
[Site "Escaldes"]
[Date "2019.07.30"]
[Round "4.7"]
[White "Fluvia Poyatos, Jordi"]
[Black "Thybo, Jesper Sondergaard"]
[Result "0-1"]
[WhiteElo "2455"]
[BlackElo "2528"]
[PlyCount "72"]
[EventDate "2019.07.27"]
[EventType "swiss"]
[EventRounds "9"]
[EventCountry "AND"]
[WhiteClock "0:06:14"]
[BlackClock "0:05:01"]

1. d4 {[%emt 0:00:08]} Nf6 {[%emt 0:00:11]} 2. c4 {[%emt 0:00:09]} e6 {[%emt 0:
00:12]} 3. Nc3 {[%emt 0:00:25]} Bb4 {[%emt 0:00:13]} 4. Nf3 {[%emt 0:00:43]}
O-O {[%emt 0:02:01]} 5. Bg5 {[%emt 0:02:50]} h6 {[%emt 0:00:53]} 6. Bh4 {
[%emt 0:00:48]} b6 {[%emt 0:02:26]} 7. e3 {[%emt 0:03:29]} g5 {[%emt 0:04:54]}
8. Bg3 {[%emt 0:11:44]} Ne4 {[%emt 0:00:34]} 9. Qc2 {[%emt 0:02:44]} Bb7 {
[%emt 0:03:07]} 10. Bd3 {[%emt 0:00:14]} f5 {[%emt 0:01:11]} 11. O-O {[%emt 0:
03:10]} Bxc3 {[%emt 0:12:35]} 12. bxc3 {[%emt 0:00:16]} d6 {[%emt 0:00:50]} 13.
Nd2 {[%emt 0:05:56]} Nxd2 {[%emt 0:00:57]} 14. Qxd2 {[%emt 0:00:21]} Nd7 {
[%emt 0:00:34]} 15. f4 {[%emt 0:07:43]} Qe8 {[%emt 0:19:56]} 16. Rae1 {[%emt 0:
05:54]} Qg6 {[%emt 0:00:23]} 17. Qc2 {[%emt 0:07:02]} Nf6 {[%emt 0:05:41]} 18.
c5 {[%emt 0:02:24]} Ne4 {[%emt 0:15:11]} 19. Qa4 {[%emt 0:03:18]} bxc5 {
[%emt 0:04:31]} 20. Bxe4 {[%emt 0:01:12]} Bxe4 {[%emt 0:00:05]} 21. dxc5 {
[%emt 0:00:54]} h5 {[%emt 0:04:08]} 22. fxg5 {[%emt 0:05:51]} Qxg5 {[%emt 0:00:
08]} 23. Rf4 {[%emt 0:01:06]} e5 {[%emt 0:04:39]} 24. Rh4 {[%emt 0:00:36]} Rab8
{[%emt 0:00:41]} 25. cxd6 {[%emt 0:07:30]} cxd6 {[%emt 0:00:10]} 26. Qc4+ {
[%emt 0:07:45]} d5 {[%emt 0:03:32]} 27. Qc7 {[%emt 0:00:17]} Rfe8 {[%emt 0:01:
42]} 28. Re2 {[%emt 0:06:15]} Qg7 {[%emt 0:06:51]} 29. Qc6 {[%emt 0:02:11]}
Rbc8 {[%emt 0:02:21]} 30. Qb5 {[%emt 0:00:47]} Qg6 {[%emt 0:00:41]} 31. Rh3 {
[%emt 0:03:51]} Rb8 {[%emt 0:01:00]} 32. Qd7 {[%emt 0:03:23]} Rb1+ {[%emt 0:00:
10]} 33. Kf2 {[%emt 0:00:13]} f4 {[%emt 0:00:14]} 34. exf4 {[%emt 0:00:12]}
Qb6+ {[%emt 0:00:35]} 35. Re3 {[%emt 0:00:36]} Rb2+ {[%emt 0:00:06]} 36. Kf1 {
[%emt 0:00:26]} Bxg2+ {[%emt 0:00:07]} 0-1

[Event "Andorra Open"]
[Site "Escaldes"]
[Date "2019.07.30"]
[Round "4.9"]
[White "Berkovich, Mark A"]
[Black "Stella, Andrea"]
[Result "1/2-1/2"]
[WhiteElo "2338"]
[BlackElo "2511"]
[PlyCount "33"]
[EventDate "2019.07.27"]
[EventType "swiss"]
[EventRounds "9"]
[EventCountry "AND"]

1. Nf3 c5 2. g3 Nc6 3. Bg2 g6 4. c4 Bg7 5. Nc3 d6 6. O-O e6 7. e3 Nge7 8. d4
O-O 9. dxc5 dxc5 10. Qc2 Nf5 11. a3 b6 12. Rb1 Qe7 13. b3 Bb7 14. Bb2 Na5 15.
Ne4 Bxb2 16. Rxb2 Rfd8 17. Nfd2 1/2-1/2

[Event "Andorra Open"]
[Site "Escaldes"]
[Date "2019.07.30"]
[Round "4.10"]
[White "Asis Gargatagli, Hipolito"]
[Black "Rendle, Thomas E"]
[Result "1-0"]
[WhiteElo "2506"]
[BlackElo "2372"]
[PlyCount "99"]
[EventDate "2019.07.27"]
[EventType "swiss"]
[EventRounds "9"]
[EventCountry "AND"]

1. e4 e6 2. d4 d5 3. Nc3 Nf6 4. Bg5 Be7 5. e5 Nfd7 6. Bxe7 Qxe7 7. f4 O-O 8.
Qd2 c5 9. dxc5 Nc6 10. Nf3 Nxc5 11. O-O-O a6 12. Bd3 Nb4 13. Be2 Bd7 14. a3 a5
15. Kb1 Qd8 16. Nd4 b5 17. Rhf1 Nxc2 18. Qxc2 b4 19. Ncb5 Qb6 20. Rf3 Rfc8 21.
f5 Ne4 22. Qb3 Rc5 23. a4 exf5 24. Nxf5 Qe6 25. Qe3 Qxe5 26. Qd4 Re8 27. Qxe5
Rxe5 28. Nfd4 f6 29. Rff1 Be8 30. Ka1 h5 31. g3 Bg6 32. Rc1 Re8 33. Bf3 Rec8
34. Rxc5 Rxc5 35. Rd1 Nf2 36. Nb3 Rc8 37. Bxd5+ Kh7 38. Rc1 Rd8 39. Bc4 Ng4 40.
h4 Ne5 41. N5d4 Nxc4 42. Rxc4 Bf7 43. Rc7 Bg8 44. Kb1 Kg6 45. Kc2 Re8 46. Nc5
b3+ 47. Kd2 Rd8 48. Ke3 Re8+ 49. Kf2 Re5 50. Nd3 1-0

[Event "Andorra Open"]
[Site "Escaldes"]
[Date "2019.07.30"]
[Round "4.11"]
[White "Hansen, Mads"]
[Black "Riff, Jean-Noel"]
[Result "1/2-1/2"]
[WhiteElo "2406"]
[BlackElo "2495"]
[PlyCount "30"]
[EventDate "2019.07.27"]
[EventType "swiss"]
[EventRounds "9"]
[EventCountry "AND"]

1. c4 e5 2. g3 Nf6 3. Bg2 Bc5 4. Nc3 c6 5. e3 d5 6. d4 exd4 7. exd4 Bb6 8. cxd5
Nxd5 9. Nge2 O-O 10. O-O Be6 11. Re1 Na6 12. Ne4 h6 13. a3 Qd7 14. b4 Rfe8 15.
Bb2 Bf5 1/2-1/2

[Event "Andorra Open"]
[Site "Escaldes"]
[Date "2019.07.30"]
[Round "4.12"]
[White "Blom, Vincent"]
[Black "Fedorchuk, Sergey A"]
[Result "0-1"]
[WhiteElo "2306"]
[BlackElo "2633"]
[PlyCount "68"]
[EventDate "2019.07.27"]
[EventType "swiss"]
[EventRounds "9"]
[EventCountry "AND"]

1. c4 Nf6 2. Nf3 e6 3. g3 a6 4. Bg2 b5 5. b3 Bb7 6. Nc3 b4 7. Na4 d6 8. c5 dxc5
9. O-O Nbd7 10. Qc2 Bd6 11. Bb2 Rb8 12. d3 O-O 13. e4 Re8 14. Rae1 e5 15. Nh4
g6 16. Bh3 Bc6 17. Ng2 Bb5 18. Bc1 c4 19. bxc4 Bxa4 20. Qxa4 b3 21. Bxd7 Nxd7
22. axb3 Nc5 23. Qa2 Rxb3 24. Be3 Rxd3 25. Bxc5 Bxc5 26. Qxa6 Re6 27. Qb5 Qd6
28. Kh1 Rf3 29. Ra1 Rxf2 30. Rfd1 Ra2 31. Qb8+ Kg7 32. Rab1 Qc6 33. Qb3 Re2 34.
Rd5 Rf6 0-1

[Event "Andorra Open"]
[Site "Escaldes"]
[Date "2019.07.30"]
[Round "4.13"]
[White "Vavulin, Maxim"]
[Black "Gil Quilez, David"]
[Result "1-0"]
[WhiteElo "2561"]
[BlackElo "2206"]
[PlyCount "93"]
[EventDate "2019.07.27"]
[EventType "swiss"]
[EventRounds "9"]
[EventCountry "AND"]

1. e4 e5 2. Nf3 Nc6 3. Bb5 a6 4. Ba4 Nf6 5. O-O Be7 6. Re1 b5 7. Bb3 d6 8. c3
O-O 9. h3 Na5 10. Bc2 c5 11. d4 Qc7 12. Nbd2 cxd4 13. cxd4 Bd7 14. Nf1 Rac8 15.
Ne3 Rfe8 16. b3 Nc6 17. Bb2 Bd8 18. Rc1 Qb8 19. Nd5 exd4 20. Nxd4 Nxd4 21. Qxd4
Be6 22. Nf4 Qb6 23. Qd3 g6 24. Rcd1 Be7 25. Bb1 Nd7 26. Bd4 Qc7 27. Nh5 f6 28.
Nf4 Bf7 29. Qg3 Nf8 30. Nd5 Bxd5 31. exd5 Kf7 32. Re3 Bd8 33. Rc3 Qd7 34. Rxc8
Qxc8 35. Qxd6 Qd7 36. Qxa6 Qxd5 37. Bd3 Ne6 38. Bxb5 Re7 39. Bc4 Qe4 40. Be3
Bc7 41. Qc8 Qe5 42. g3 g5 43. Rd7 Bd6 44. a4 h5 45. a5 h4 46. Rxe7+ Bxe7 47.
Qxe6+ 1-0

[Event "Andorra Open"]
[Site "Escaldes"]
[Date "2019.07.30"]
[Round "4.14"]
[White "Garcia Trobat, Francisco"]
[Black "Cuartas, Jaime Alexander"]
[Result "0-1"]
[WhiteElo "2183"]
[BlackElo "2542"]
[PlyCount "108"]
[EventDate "2019.07.27"]
[EventType "swiss"]
[EventRounds "9"]
[EventCountry "AND"]

1. d4 d5 2. Bf4 Nf6 3. e3 e6 4. Bd3 c5 5. Nf3 Nc6 6. O-O Bd6 7. c3 O-O 8. Nbd2
Bxf4 9. exf4 cxd4 10. Nxd4 Nxd4 11. cxd4 Qb6 12. Nb3 Bd7 13. Nc5 Bc6 14. Qe2 a6
15. Rfc1 Nd7 16. Rc3 Nxc5 17. dxc5 Qc7 18. Qe5 Qxe5 19. fxe5 a5 20. f4 Rfc8 21.
Rac1 a4 22. Bf1 Ra5 23. b4 axb3 24. axb3 Ra2 25. R3c2 Ra3 26. Rb2 Be8 27. b4 h5
28. b5 Kf8 29. Kf2 Ke7 30. Be2 Bd7 31. g3 Kd8 32. Ke1 Rb8 33. Kd2 Kc7 34. Bd3
Rba8 35. Rc3 Ra1 36. Rcb3 Rh1 37. Kc3 Ra4 38. Rb4 Ra3+ 39. R4b3 Ra4 40. Rb4
Raa1 41. Kd4 Rhd1 42. R2b3 Rd2 43. Rb2 Rad1 44. Rxd2 Rxd2 45. h4 Rg2 46. c6
bxc6 47. b6+ Kb8 48. Kc5 Rxg3 49. Rb3 Bc8 50. Kxc6 Bb7+ 51. Kd6 Rf3 52. f5 exf5
53. Ke7 Re3 54. Kxf7 Rxe5 0-1

[Event "Andorra Open"]
[Site "Escaldes"]
[Date "2019.07.30"]
[Round "4.15"]
[White "Ros Alonso, Jaume"]
[Black "Rychagov, Andrey"]
[Result "0-1"]
[WhiteElo "2178"]
[BlackElo "2537"]
[PlyCount "58"]
[EventDate "2019.07.27"]
[EventType "swiss"]
[EventRounds "9"]
[EventCountry "AND"]

1. e4 c5 2. Nf3 e6 3. d4 cxd4 4. Nxd4 a6 5. Nc3 Qc7 6. Bd3 Nf6 7. Qe2 d6 8. O-O
Be7 9. Kh1 Nbd7 10. f4 b6 11. Bd2 Bb7 12. b4 g6 13. Rae1 O-O 14. e5 dxe5 15.
fxe5 Nh5 16. Nd1 a5 17. Nf2 axb4 18. Ng4 Nc5 19. Nh6+ Kg7 20. Qg4 Bd5 21. Nxf7
Rxf7 22. Bh6+ Kxh6 23. Rxf7 Nxd3 24. cxd3 Rxa2 25. Nf3 Qd8 26. h4 Bxf3 27. gxf3
Bxh4 28. Rg1 Qg5 29. Qxe6 Ng3+ 0-1

[Event "Andorra Open"]
[Site "Escaldes"]
[Date "2019.07.30"]
[Round "4.16"]
[White "Henderson De La Fuente, Lance"]
[Black "Leiro Giralt, Daniel"]
[Result "1/2-1/2"]
[WhiteElo "2471"]
[BlackElo "2189"]
[PlyCount "71"]
[EventDate "2019.07.27"]
[EventType "swiss"]
[EventRounds "9"]
[EventCountry "AND"]

1. e4 e5 2. Nf3 Nf6 3. d4 Nxe4 4. Bd3 Nc6 5. Nxe5 Nc5 6. Bc4 Nxe5 7. dxe5 d6 8.
O-O Be6 9. Bxe6 Nxe6 10. Qf3 Qc8 11. Bf4 dxe5 12. Bxe5 Be7 13. Nc3 O-O 14. Nd5
Re8 15. Qg3 c6 16. Nxe7+ Rxe7 17. f4 f5 18. Rfe1 Nc5 19. Qh4 Rf7 20. Re3 Qe6
21. Rae1 Ne4 22. g4 Qg6 23. h3 Rd7 24. Kh2 Rd2+ 25. R1e2 Rxe2+ 26. Rxe2 fxg4
27. Qxg4 Nf6 28. Qf3 Qf7 29. Rg2 Rd8 30. b3 Rd7 31. c4 Qe6 32. Qc3 Kh8 33. Qe3
a6 34. Qa7 h6 35. Qe3 Kh7 36. Rd2 1/2-1/2

[Event "Andorra Open"]
[Site "Escaldes"]
[Date "2019.07.30"]
[Round "4.17"]
[White "Viers, Emmanuel"]
[Black "Roberson, Peter T"]
[Result "1/2-1/2"]
[WhiteElo "2167"]
[BlackElo "2429"]
[PlyCount "116"]
[EventDate "2019.07.27"]
[EventType "swiss"]
[EventRounds "9"]
[EventCountry "AND"]

1. d4 Nf6 2. Nc3 d5 3. Nf3 c5 4. dxc5 Nc6 5. e3 e6 6. a3 Bxc5 7. b4 Be7 8. Bd3
e5 9. e4 dxe4 10. Nxe4 Nxe4 11. Bxe4 Qxd1+ 12. Kxd1 Bg4 13. Ke1 O-O-O 14. Be3
f6 15. h3 Be6 16. Rd1 a5 17. c3 Kc7 18. Rd2 Ra8 19. Ke2 axb4 20. axb4 Ra3 21.
Rc1 Bc4+ 22. Ke1 g6 23. Bd5 Bxd5 24. Rxd5 Rd8 25. Rxd8 Nxd8 26. Kd2 Nf7 27. Ne1
Nd6 28. Nc2 Ra8 29. Kd3 Rd8 30. Ra1 f5 31. Ra5 Ne4+ 32. Kc4 Bf6 33. Na3 Nd2+
34. Kb5 Rd6 35. Bc5 Re6 36. Ra8 e4 37. Nc4 Nxc4 38. Kxc4 f4 39. Bd4 e3 40. fxe3
fxe3 41. Bxf6 Rxf6 42. Re8 Rf2 43. Rxe3 Rxg2 44. Re7+ Kc6 45. Rxh7 b5+ 46. Kd4
Rd2+ 47. Ke4 Re2+ 48. Kd3 Rg2 49. Rh4 Rg3+ 50. Kd4 Kd6 51. Rg4 Rxh3 52. Rxg6+
Kc7 53. Kc5 Rxc3+ 54. Kxb5 Rh3 55. Rg7+ Kb8 56. Kc5 Rh6 57. b5 Rf6 58. b6 Rf1
1/2-1/2

[Event "Andorra Open"]
[Site "Escaldes"]
[Date "2019.07.30"]
[Round "4.18"]
[White "Barbazan Bilbao, Xabier"]
[Black "Suarez Uriel, Adrian"]
[Result "0-1"]
[WhiteElo "2140"]
[BlackElo "2392"]
[PlyCount "47"]
[EventDate "2019.07.27"]
[EventType "swiss"]
[EventRounds "9"]
[EventCountry "AND"]

1. e4 c5 2. Nf3 Nc6 3. d4 cxd4 4. Nxd4 g6 5. Nc3 Bg7 6. Nde2 Nf6 7. g3 b5 8.
Bg2 Rb8 9. O-O O-O 10. Nd5 d6 11. Bg5 Nd7 12. Qc1 Re8 13. Rd1 Nb6 14. c3 Ba6
15. Nxb6 Qxb6 16. Nf4 e6 17. Rxd6 Qc7 18. Qd2 h6 19. e5 Nxe5 20. Rxa6 hxg5 21.
Nh3 g4 22. Nf4 Red8 23. Qe3 Rd7 24. a4 0-1

[Event "Andorra Open"]
[Site "Escaldes"]
[Date "2019.07.30"]
[Round "4.19"]
[White "Mosquera, Miguel"]
[Black "Pedersen, Daniel Vesterbaek"]
[Result "1-0"]
[WhiteElo "2385"]
[BlackElo "2182"]
[PlyCount "57"]
[EventDate "2019.07.27"]
[EventType "swiss"]
[EventRounds "9"]
[EventCountry "AND"]

1. e4 e5 2. Nf3 Nc6 3. d4 exd4 4. Nxd4 Nf6 5. Nc3 Bb4 6. Nxc6 bxc6 7. Bd3 d5 8.
exd5 cxd5 9. O-O O-O 10. Bg5 c6 11. Qf3 Be7 12. Rfe1 h6 13. Bf4 Re8 14. h3 Be6
15. Ne2 c5 16. Ng3 Qb6 17. Rab1 d4 18. Nf5 Bf8 19. Be5 Bd5 20. Nxh6+ gxh6 21.
Qxf6 Qxf6 22. Bxf6 Bxa2 23. Rxe8 Rxe8 24. Ra1 Bd5 25. b3 Bd6 26. Rxa7 Re6 27.
Bh4 Bb8 28. Ra5 Rc6 29. Be7 1-0

[Event "Andorra Open"]
[Site "Escaldes"]
[Date "2019.07.30"]
[Round "4.20"]
[White "Gaudineau, Eric"]
[Black "Laliena Solanes, Luis"]
[Result "0-1"]
[WhiteElo "2372"]
[BlackElo "2175"]
[PlyCount "76"]
[EventDate "2019.07.27"]
[EventType "swiss"]
[EventRounds "9"]
[EventCountry "AND"]

1. e4 c6 2. d4 d5 3. e5 c5 4. dxc5 e6 5. a3 Bxc5 6. Nf3 Ne7 7. b4 Bb6 8. Bb2
O-O 9. Bd3 Ng6 10. Qd2 Nc6 11. O-O f6 12. exf6 gxf6 13. Qh6 Qe8 14. b5 Nd8 15.
Ng5 Qe7 16. Nxh7 Qxh7 17. Qxg6+ Qxg6 18. Bxg6 e5 19. Rd1 Kg7 20. Bh5 Ne6 21. g3
Rd8 22. a4 Ng5 23. Rd2 Ne4 24. Re2 Kh6 25. Bf3 Ng5 26. Bc1 e4 27. h4 exf3 28.
hxg5+ Kg6 29. Re7 Bh3 30. Nd2 Bc5 31. Ba3 Bg2 32. Re3 Bxe3 33. fxe3 d4 34. e4
Rac8 35. Rc1 Rc3 36. Bb4 Re3 37. Nf1 Re2 38. g4 Bxf1 0-1

[Event "Andorra Open"]
[Site "Escaldes"]
[Date "2019.07.30"]
[Round "4.21"]
[White "Vogt, Lothar"]
[Black "Orteu Capdevila, Max"]
[Result "1/2-1/2"]
[WhiteElo "2360"]
[BlackElo "2173"]
[PlyCount "37"]
[EventDate "2019.07.27"]
[EventType "swiss"]
[EventRounds "9"]
[EventCountry "AND"]

1. e4 c5 2. Nf3 d6 3. d4 cxd4 4. Nxd4 Nf6 5. Nc3 a6 6. Be2 e6 7. f4 Qc7 8. a4
b6 9. O-O Bb7 10. Bf3 Nc6 11. Be3 Be7 12. f5 Nxd4 13. Qxd4 d5 14. exd5 Bc5 15.
Qd3 exd5 16. Kh1 O-O 17. Rad1 Bxe3 18. Qxe3 Rfe8 19. Qd4 1/2-1/2

[Event "Andorra Open"]
[Site "Escaldes"]
[Date "2019.07.30"]
[Round "4.22"]
[White "Hapala, Elisabeth"]
[Black "Garcia Martin, Marta"]
[Result "0-1"]
[WhiteElo "2131"]
[BlackElo "2335"]
[PlyCount "72"]
[EventDate "2019.07.27"]
[EventType "swiss"]
[EventRounds "9"]
[EventCountry "AND"]

1. e4 e5 2. Nf3 Nc6 3. Bb5 a6 4. Ba4 Nf6 5. O-O Be7 6. Re1 b5 7. Bb3 d6 8. c3
O-O 9. h3 Na5 10. Bc2 c5 11. d4 Qc7 12. Nbd2 Be6 13. d5 Bd7 14. b3 c4 15. b4
Nb7 16. a4 a5 17. axb5 axb4 18. Rxa8 Rxa8 19. cxb4 Bxb5 20. Nb1 Be8 21. Be3 Nd8
22. Qd2 Nd7 23. Qc3 f5 24. exf5 Bf7 25. Ng5 Bxd5 26. Nxh7 Qb7 27. f3 Bh4 28.
Rd1 Kxh7 29. f6+ Kg8 30. fxg7 Nf6 31. f4 Nf7 32. fxe5 Nxe5 33. Bf4 Qxg7 34.
Rxd5 Nxd5 35. Bxe5 Nxc3 36. Bxg7 Nxb1 0-1

[Event "Andorra Open"]
[Site "Escaldes"]
[Date "2019.07.30"]
[Round "4.23"]
[White "Varnam, Liam D"]
[Black "Gomez Anadon, Daniel"]
[Result "0-1"]
[WhiteElo "2097"]
[BlackElo "2305"]
[PlyCount "118"]
[EventDate "2019.07.27"]
[EventType "swiss"]
[EventRounds "9"]
[EventCountry "AND"]

1. e4 c5 2. Nf3 d6 3. d4 Nf6 4. Nc3 cxd4 5. Nxd4 a6 6. Be3 e5 7. Nb3 Be6 8. f3
Be7 9. Qd2 O-O 10. O-O-O Nbd7 11. g4 b5 12. g5 b4 13. Ne2 Ne8 14. Ng3 Nc7 15.
Na5 d5 16. Nc6 Qe8 17. exd5 Nxd5 18. Nf5 Bc5 19. Bxc5 Nxc5 20. Nxe5 Qa4 21. Bc4
Nc3 22. Ne7+ Kh8 23. bxc3 Qa3+ 24. Kb1 Na4 25. Qc1 Qxc3 26. Bxe6 Qxe5 27. Rhe1
Nc3+ 28. Ka1 Ne2+ 29. Qb2 Qxe6 30. Nd5 Rad8 31. c4 bxc3 32. Nxc3 Nxc3 33. Qxc3
Rxd1+ 34. Rxd1 Rc8 35. Qa5 h5 36. Rd8+ Rxd8 37. Qxd8+ Kh7 38. Qd3+ Qg6 39. Qd2
Qf5 40. f4 h4 41. Qf2 h3 42. Qe3 Qg4 43. Qe4+ g6 44. Kb2 Qg1 45. Qc4 Qxh2+ 46.
Ka3 Qg3+ 47. Ka4 Kg8 48. Qd4 Qe1 49. Qd8+ Kh7 50. Qd5 Qe6 51. Qd2 Qc4+ 52. Ka3
a5 53. Qxa5 h2 54. Qe1 Qxf4 55. Qh1 Kg7 56. Qa1+ Kg8 57. Qh1 Qg3+ 58. Kb4 Qg1
59. Qa8+ Kg7 0-1

[Event "Andorra Open"]
[Site "Escaldes"]
[Date "2019.07.30"]
[Round "4.24"]
[White "Lever, Erwan"]
[Black "Maddens, Martijn"]
[Result "0-1"]
[WhiteElo "2259"]
[BlackElo "2148"]
[PlyCount "112"]
[EventDate "2019.07.27"]
[EventType "swiss"]
[EventRounds "9"]
[EventCountry "AND"]

1. d4 Nf6 2. c4 e6 3. g3 d5 4. Nf3 Be7 5. Bg2 O-O 6. O-O dxc4 7. Qc2 b5 8. a4
b4 9. Nbd2 Bb7 10. Nxc4 c5 11. dxc5 Be4 12. Qb3 Bxc5 13. Bf4 Nc6 14. Rac1 Qe7
15. a5 Rfd8 16. Ncd2 Nd4 17. Qc4 Bxf3 18. Nxf3 Nxf3+ 19. Bxf3 Rac8 20. Qa6 Nd5
21. Be5 Qg5 22. Bd4 Nc7 23. Rxc5 Rxd4 24. Rxg5 Nxa6 25. Bb7 Rc5 26. Rxc5 Nxc5
27. a6 Nb3 28. Kg2 Kf8 29. Kf3 Ke7 30. Ke3 Rd6 31. f4 Kd7 32. f5 e5 33. Be4 f6
34. Bd3 Nc5 35. Bc4 Kc6 36. b3 Kb6 37. Ra1 Rd4 38. h3 h6 39. g4 Re4+ 40. Kf3
Rd4 41. Kg3 h5 42. Kh4 hxg4 43. hxg4 e4 44. Kh5 e3 45. Rg1 Nd7 46. g5 Ne5 47.
gxf6 gxf6 48. Rg3 Nxc4 49. bxc4 Rxc4 50. Rxe3 Kxa6 51. Kg6 Rc6 52. Re6 Kb5 53.
Kxf6 b3 54. Kg7 b2 55. f6 Rxe6 56. f7 Re7 0-1

[Event "Andorra Open"]
[Site "Escaldes"]
[Date "2019.07.30"]
[Round "4.25"]
[White "Añó Tafalla, Santiago"]
[Black "Morros Faura, Ricard"]
[Result "0-1"]
[WhiteElo "2105"]
[BlackElo "2258"]
[PlyCount "66"]
[EventDate "2019.07.27"]
[EventType "swiss"]
[EventRounds "9"]
[EventCountry "AND"]

1. d4 Nf6 2. c4 e6 3. Nc3 Bb4 4. a3 Bxc3+ 5. bxc3 b6 6. f3 Nc6 7. e4 Ba6 8. Bd3
Na5 9. Qe2 Nb3 10. Rb1 Nxc1 11. Rxc1 d6 12. f4 e5 13. Nh3 Qe7 14. O-O Bc8 15.
c5 Bxh3 16. cxd6 cxd6 17. gxh3 O-O 18. Kh1 Rac8 19. Rg1 exf4 20. Qf3 Rfe8 21.
Rce1 Qe6 22. c4 Nd7 23. Qxf4 Qf6 24. Qe3 g6 25. Ref1 Qg7 26. h4 Nf8 27. Be2 Ne6
28. Rd1 Qf6 29. h5 Kg7 30. Rgf1 Qh4 31. d5 Nd8 32. Rf4 Qe7 33. Qh3 Rc7 0-1

[Event "Andorra Open"]
[Site "Escaldes"]
[Date "2019.07.31"]
[Round "5.1"]
[White "Thybo, Jesper Sondergaard"]
[Black "Lagarde, Maxime"]
[Result "0-1"]
[WhiteElo "2528"]
[BlackElo "2597"]
[PlyCount "58"]
[EventDate "2019.07.??"]
[EventType "swiss"]
[EventRounds "9"]
[EventCountry "AND"]
[WhiteClock "0:02:12"]
[BlackClock "0:05:37"]

1. d4 {[%emt 0:00:03]} Nf6 {[%emt 0:00:26]} 2. c4 {[%emt 0:00:08]} g6 {[%emt 0:
00:15]} 3. Nc3 {[%emt 0:00:20]} d5 {[%emt 0:00:04]} 4. Nf3 {[%emt 0:00:27]} Bg7
{[%emt 0:00:03]} 5. h4 {[%emt 0:00:29]} dxc4 {[%emt 0:01:11]} 6. e4 {[%emt 0:
00:19]} c5 {[%emt 0:00:28]} 7. d5 {[%emt 0:00:09]} b5 {[%emt 0:00:14]} 8. h5 {
[%emt 0:00:21]} Nxh5 {[%emt 0:00:12]} 9. Nxb5 {[%emt 0:00:58]} O-O {[%emt 0:05:
56]} 10. Nc3 {[%emt 0:04:41]} Bg4 {[%emt 0:07:01]} 11. Bxc4 {[%emt 0:04:53]}
Nd7 {[%emt 0:01:23]} 12. Qc2 {[%emt 0:20:13]} Bxf3 {[%emt 0:21:11]} 13. gxf3 {
[%emt 0:00:08]} Nb6 {[%emt 0:05:52]} 14. Bb5 {[%emt 0:17:47]} e6 {[%emt 0:05:
27]} 15. Be3 {[%emt 0:04:38]} exd5 {[%emt 0:00:33]} 16. Bxc5 {[%emt 0:07:48]}
d4 {[%emt 0:12:31]} 17. Ne2 {[%emt 0:00:09]} Rc8 {[%emt 0:00:42]} 18. Rc1 {
[%emt 0:01:24]} Qg5 {[%emt 0:20:30]} 19. Rg1 {[%emt 0:04:31]} Qh4 {[%emt 0:00:
28]} 20. b4 {[%emt 0:10:18]} Rfd8 {[%emt 0:04:36]} 21. Rd1 {[%emt 0:01:17]} Qh2
{[%emt 0:01:36]} 22. Qd2 {[%emt 0:04:28]} d3 {[%emt 0:03:30]} 23. Rf1 {[%emt 0:
10:52]} Nd7 {[%emt 0:04:12]} 24. Qxd3 {[%emt 0:03:32]} Nxc5 {[%emt 0:00:03]}
25. Qxd8+ {[%emt 0:00:05]} Rxd8 {[%emt 0:00:02]} 26. Rxd8+ {[%emt 0:00:02]} Bf8
{[%emt 0:00:03]} 27. bxc5 {[%emt 0:00:17]} Qc7 {[%emt 0:00:04]} 28. Rd3 {
[%emt 0:02:20]} Qa5+ {[%emt 0:00:23]} 29. Nc3 {[%emt 0:00:06]} Nf4 {[%emt 0:00:
31]} 0-1

[Event "Andorra Open"]
[Site "Escaldes"]
[Date "2019.07.31"]
[Round "5.2"]
[White "Peralta, Fernando"]
[Black "Ruiz Castillo, Joshua Daniel"]
[Result "1/2-1/2"]
[WhiteElo "2562"]
[BlackElo "2501"]
[PlyCount "55"]
[EventDate "2019.07.??"]
[EventType "swiss"]
[EventRounds "9"]
[EventCountry "AND"]
[WhiteClock "0:22:40"]
[BlackClock "0:43:09"]

1. d4 {[%emt 0:00:06]} d5 {[%emt 0:12:14]} 2. c4 {[%emt 0:00:21]} c6 {[%emt 0:
00:06]} 3. Nf3 {[%emt 0:00:17]} Nf6 {[%emt 0:00:08]} 4. Nc3 {[%emt 0:00:06]} e6
{[%emt 0:00:09]} 5. e3 {[%emt 0:00:37]} Nbd7 {[%emt 0:00:07]} 6. Qc2 {[%emt 0:
02:06]} Bd6 {[%emt 0:00:09]} 7. b3 {[%emt 0:00:06]} O-O {[%emt 0:00:05]} 8. Be2
{[%emt 0:00:07]} e5 {[%emt 0:02:05]} 9. cxd5 {[%emt 0:02:02]} cxd5 {[%emt 0:00:
07]} 10. Nb5 {[%emt 0:00:46]} Bb4+ {[%emt 0:00:32]} 11. Bd2 {[%emt 0:00:42]}
Bxd2+ {[%emt 0:00:04]} 12. Nxd2 {[%emt 0:00:21]} e4 {[%emt 0:00:03]} 13. O-O {
[%emt 0:04:00]} a6 {[%emt 0:03:34]} 14. Nc7 {[%emt 0:15:44]} Ra7 {[%emt 0:01:
06]} 15. Rfc1 {[%emt 0:02:19]} Qe7 {[%emt 0:02:22]} 16. Qc3 {[%emt 0:15:09]} b6
{[%emt 0:07:29]} 17. b4 {[%emt 0:02:33]} Bb7 {[%emt 0:03:04]} 18. b5 {[%emt 0:
01:07]} a5 {[%emt 0:00:04]} 19. Rc2 {[%emt 0:02:48]} g6 {[%emt 0:01:53]} 20.
Rac1 {[%emt 0:00:30]} Kg7 {[%emt 0:02:42]} 21. a4 {[%emt 0:04:47]} Nb8 {
[%emt 0:06:04]} 22. Qb3 {[%emt 0:04:14]} h5 {[%emt 0:08:41]} 23. h3 {[%emt 0:
03:41]} Rc8 {[%emt 0:05:04]} 24. Rc3 {[%emt 0:03:05]} Rd8 {[%emt 0:01:47]} 25.
Qc2 {[%emt 0:03:51]} Nbd7 {[%emt 0:00:25]} 26. Qd1 {[%emt 0:09:15]} Nf8 {
[%emt 0:01:43]} 27. Qc2 {[%emt 0:00:04]} N8d7 {[%emt 0:00:03]} 28. Qd1 {
[%emt 0:00:14]} 1/2-1/2

[Event "Andorra Open"]
[Site "Escaldes"]
[Date "2019.07.31"]
[Round "5.3"]
[White "Admiraal, Miguoel"]
[Black "Kogan, Arthur"]
[Result "1/2-1/2"]
[WhiteElo "2504"]
[BlackElo "2535"]
[PlyCount "44"]
[EventDate "2019.07.??"]
[EventType "swiss"]
[EventRounds "9"]
[EventCountry "AND"]
[WhiteClock "0:04:01"]
[BlackClock "0:07:15"]

1. c4 {[%emt 0:02:43]} e5 {[%emt 0:01:02]} 2. Nc3 {[%emt 0:00:27]} d6 {[%emt 0:
01:05]} 3. Nf3 {[%emt 0:03:16]} f5 {[%emt 0:00:32]} 4. g3 {[%emt 0:00:05]} c6 {
[%emt 0:01:20]} 5. d4 {[%emt 0:13:22]} e4 {[%emt 0:00:33]} 6. Nh4 {[%emt 0:00:
06]} Be7 {[%emt 0:06:38]} 7. Ng2 {[%emt 0:00:24]} Nf6 {[%emt 0:01:18]} 8. Bg5 {
[%emt 0:07:16]} Ng4 {[%emt 0:07:41]} 9. Bxe7 {[%emt 0:01:24]} Qxe7 {[%emt 0:00:
09]} 10. e3 {[%emt 0:08:07]} Na6 {[%emt 0:02:18]} 11. f3 {[%emt 0:09:42]} Nf6 {
[%emt 0:05:24]} 12. Be2 {[%emt 0:03:35]} exf3 {[%emt 0:09:50]} 13. Bxf3 {
[%emt 0:05:01]} O-O {[%emt 0:00:09]} 14. O-O {[%emt 0:03:57]} Nc7 {[%emt 0:05:
53]} 15. Qd3 {[%emt 0:09:40]} Ne6 {[%emt 0:13:03]} 16. h4 {[%emt 0:06:14]} Bd7
{[%emt 0:04:30]} 17. Rae1 {[%emt 0:07:01]} g6 {[%emt 0:08:12]} 18. b4 {[%emt 0:
05:14]} Ng7 {[%emt 0:03:49]} 19. Nf4 {[%emt 0:03:14]} Rae8 {[%emt 0:02:59]} 20.
e4 {[%emt 0:03:59]} fxe4 {[%emt 0:01:05]} 21. Nxe4 {[%emt 0:00:27]} Nxe4 {
[%emt 0:10:07]} 22. Bxe4 {[%emt 0:02:17]} Ne6 {[%emt 0:06:34]} 1/2-1/2